Микробиологические методы рекультивации нефтезагрязненных почв; Творчество юных - шаг в успешное будущее

Bibliografiske detaljer
Parent link:Творчество юных - шаг в успешное будущее.— 2015.— [С. 436-437]
Hovedforfatter: Карих А. А.
Institution som forfatter: Национальный исследовательский Томский политехнический университет (ТПУ) Институт природных ресурсов (ИПР) Кафедра геологии и разведки полезных ископаемых (ГРПИ)
Andre forfattere: Недоливко Н. М. Наталья Михайловна (научный руководитель)
Summary:Заглавие с титульного экрана
Sprog:russisk
Udgivet: 2015
Serier:Экогеохимия органического топлива и экологические проблемы территорий
Fag:
Online adgang:http://earchive.tpu.ru/handle/11683/15646
Format: MixedMaterials Electronisk Book Chapter
KOHA link:https://koha.lib.tpu.ru/cgi-bin/koha/opac-detail.pl?biblionumber=617389

MARC

LEADER 00000naa2a2200000 4500
001 617389
005 20231101132946.0
035 |a (RuTPU)RU\TPU\conf\15702 
035 |a RU\TPU\conf\15700 
090 |a 617389 
100 |a 20160302d2015 k y0rusy50 ca 
101 0 |a rus 
102 |a RU 
105 |a y z 101zy 
135 |a drcn ---uucaa 
181 0 |a i  
182 0 |a b 
200 1 |a Микробиологические методы рекультивации нефтезагрязненных почв  |f А. А. Карих  |g науч. рук. Н. М. Недоливко 
203 |a Текст  |c электронный 
225 1 |a Экогеохимия органического топлива и экологические проблемы территорий 
230 |a 1 компьютерный файл (pdf; 535 Кб) 
300 |a Заглавие с титульного экрана 
320 |a [Библиогр.: с. 437 (3 назв.)] 
463 0 |0 (RuTPU)RU\TPU\conf\15338  |t Творчество юных - шаг в успешное будущее  |o материалы VIII Всероссийской научной студенческой конференции с элементами научной школы имени профессора М. К. Коровина, г. Томск, 23-27 ноября 2015 г.  |f Национальный исследовательский Томский политехнический университет (ТПУ) ; под ред. А. Ю. Дмитриева  |v [С. 436-437]  |d 2015 
610 1 |a труды учёных ТПУ 
610 1 |a электронный ресурс 
610 1 |a микробиологические методы 
610 1 |a рекультивация 
610 1 |a нефтезагрязненные почвы 
610 1 |a нефтегазодобывающая промышленность 
610 1 |a загрязнение 
700 1 |a Карих  |b А. А. 
702 1 |a Недоливко  |b Н. М.  |c геолог  |c доцент Томского политехнического университета, кандидат геолого-минералогических наук  |f 1955-  |g Наталья Михайловна  |2 stltpush  |4 727 
712 0 2 |a Национальный исследовательский Томский политехнический университет (ТПУ)  |b Институт природных ресурсов (ИПР)  |b Кафедра геологии и разведки полезных ископаемых (ГРПИ)  |h 2181  |2 stltpush  |3 (RuTPU)RU\TPU\col\18660 
801 2 |a RU  |b 63413507  |c 20180216  |g RCR 
856 4 |u http://earchive.tpu.ru/handle/11683/15646 
942 |c BK